000 01033nam a22003257a 4500
003 CHAP
005 20220817042537.0
008 971013s1924 r 00010 d
010 _a47656
011 _a48628
035 _a52774
040 _cCHAP
082 _a335.4
_bC2
100 0 0 _aVargas Lozano, Gabriel.
_9118039
245 _aMarx y su crítica de la filosofía
260 _aPuebla, Pue. :
_bUniversidad Autónoma de Puebla. Escuela de Filosofía y Letras,
_c1924
300 _app. 157-171
490 _aDialéctica 8(14-15): 1983-84
501 _aEnc. con otros impresos similares
590 _aBATCH-UPD
_b10
_c20130110
_lUCH01
_h1839
590 _aBATCH-UPD
_b10
_c20130410
_lUCH01
_h1210
590 _aBATCH-UPD
_b10
_c20130914
_lUCH01
_h1407
590 _aCONVERSION
_b10
_c20130109
_lUCH01
_h1326
650 1 4 _aFilosofía.
_940890
650 1 4 _aMarxismo.
_972728
830 0 _aDialéctica 8 (14-15): 1983-84)
901 _aBK
942 _cLIBRO
949 _a335.4 C2
_bBC
_cLIBRO
_d-117359
_eLIBRO
_h66431
_i52774
_si
999 _c47656
_d47656